The pursuit of new product development : The business development process
Better product development from concept to market--saving time, money, and improving quality on an organization--wide basis
Saved in:
| Main Author: | |
|---|---|
| Format: | Book |
| Language: | Undetermined |
| Published: |
Amsterdam
Butterworth-Heinemann
2007
|
| Subjects: | |
| Tags: |
Add Tag
No Tags, Be the first to tag this record!
|
| Institutions: | Trung tâm Học liệu Trường Đại học Cần Thơ |
|---|
| LEADER | 00774nam a2200217Ia 4500 | ||
|---|---|---|---|
| 001 | CTU_172741 | ||
| 008 | 210402s9999 xx 000 0 und d | ||
| 020 | |c 87.89 | ||
| 082 | |a 658.575 | ||
| 082 | |b A613 | ||
| 100 | |a Annacchino, Marc A. | ||
| 245 | 4 | |a The pursuit of new product development : | |
| 245 | 4 | |b The business development process | |
| 245 | 0 | |c Marc A. Annacchino | |
| 260 | |a Amsterdam | ||
| 260 | |b Butterworth-Heinemann | ||
| 260 | |c 2007 | ||
| 520 | |a Better product development from concept to market--saving time, money, and improving quality on an organization--wide basis | ||
| 650 | |a New products,Product management,Sản phẩm mới,Quản lý sản phẩm | ||
| 904 | |i Qhieu | ||
| 980 | |a Trung tâm Học liệu Trường Đại học Cần Thơ | ||